| 000 | 00684nam a2200193 i 4500 | ||
|---|---|---|---|
| 001 | 30466 | ||
| 003 | ES-MaACL | ||
| 005 | 20251011063055.0 | ||
| 007 | t| | ||
| 008 | 030124s1851 fr ||||1| fre d | ||
| 100 | 1 |
_aBarthélémy, Anatole de, _d1821-1904 _926119 |
|
| 245 | 1 | 0 |
_aNouveau manuel complet de numismatique ancienne : ouvrage orné d'un atlas... / _cpar J.B.A.A. Barthelemy. |
| 260 |
_aParís : _b[s.n.], _c1851 ( _fCrapelet) |
||
| 300 |
_a3 v. ; _c15 cm. |
||
| 505 | 8 | _aContiene: I: Numismatique ancienne. II: Numismatique du moyen age et moderne. III: Atlas | |
| 650 | 7 |
_aNumismática _2embne _915648 |
|
| 852 |
_aES-MaACL _jF-916-18 |
||
| 999 |
_c30466 _d30466 |
||